000 nam a22 7a 4500
999 _c174571
_d174571
003 Nust
005 20170201110847.0
008 170201b xxu||||| |||| 00| 0 eng d
040 _c0
050 _a628 OMA
082 _a628 OMA
100 _aOmar,Mohamed Shamun
245 _aDevelopment Of Low-Cost Household Water Filter
_cMohamed Shamun Omar
260 _aRawalpindi
_bIESE (SCEE) NUST
_c2000.
300 _a49 p.
_bHB.
440 _aMS Environmental Engineering
500 _aThesis MS EE
650 _aEnvironmental Engineering
700 _4Dr. M Anwar Baig (Supervisor)
942 _2ddc
_cTHE
_kIESE